[Event "7th RTU Open 2017"]
[Site "Riga"]
[Date "2017.08.12"]
[Round "8"]
[White "Sasikiran, Krishnan"]
[Black "Ladva, Ottomar"]
[Result "0-1"]
[WhiteElo "2688"]
[BlackElo "2532"]
[Annotator "TA"]
[PlyCount "128"]
[EventDate "2017.??.??"]
[EventType "swiss"]
[EventCountry "LAT"]
[SourceTitle "playchess.com"]
[Source "ChessBase"]
[SourceQuality "1"]

{[%evp 21,128,17,29,9,36,27,43,18,58,15,39,47,61,58,58,65,55,37,49,54,36,47,37,23,39,43,51,19,38,0,0,0,0,0,-8,-80,-78,-100,0,0,0,0,0,-1,48,36,59,44,64,0,0,-15,0,0,0,0,0,0,0,0,0,0,0,0,0,0,0,-8,0,0,0,0,0,0,0,-298,-286,-226,-139,-176,-12,-11,-1,-35,-13,-17,0,-11,0,-23,0,-18,-8,-12845,-12841,-12222,-11771,-11276,-11276,-6103,-6079,-6079,-6070,-1446,-1278,-29973,-29974,-29973,-29972]} 1. e4 e5 2. Nf3 Nf6 3. Nxe5 d6 4. Nf3 Nxe4 5. Nc3 Nxc3 6. dxc3 Be7 7. Be3 Nc6 8. Qd2 Be6 9. O-O-O {C42: Petroff Defence: 3 Nxe5 and unusual White 3rd moves} Qd7 10. Kb1 (10. h4 h6 11. c4 Bf6 12. Nd4 Nxd4 13. Bxd4 Qe7 14. Qf4 Bxd4 15. Qxd4 Qf6 16. Qxf6 gxf6 {1-0 (56) Grischuk,A (2761)-Yu,Y (2753) Jiayuguan 2017}) 10... Bf6 11. h3 O-O-O {LiveBook: 7 Games} 12. Ng5 a6 (12... Bf5 {looks sharper.} 13. Bc4 Bg6 14. Bd5 Rhe8 15. f3 h6) 13. Nxe6 fxe6 14. g4 d5 $146 ({Predecessor:} 14... h6 15. f4 e5 16. f5 d5 17. Bg2 e4 18. h4 Be5 19. Qf2 Qf7 {½-½ (53) Pribeanu,M (2195)-Avram,S (2266) Belgrade 2010}) 15. Be2 h6 16. f4 Qe7 17. g5 hxg5 18. fxg5 Be5 19. Qe1 Qd6 20. Bg4 Kb8 21. Bc1 Rde8 22. Rf1 Bg3 23. Qe3 Bh4 24. c4 d4 $1 {[%cal Rd4e3]} 25. Qe4 Qc5 26. Rf3 ({Don't blunder} 26. Bxe6 $2 Qe7 $19) 26... Bxg5 27. b4 $1 {[%cal Rb4c5]} Qe7 28. b5 (28. Bxg5 $11 Qxg5 29. Rb3) 28... Bxc1 $17 29. Rxc1 {[#]} axb5 (29... Na5 $1 $17 {[%cal Ra5c4]} 30. bxa6 bxa6) 30. cxb5 $11 Na7 {[%cal Bc6a7,Ba7c8,Bc8d6][%mdl 32]} 31. Rb3 $36 {[%mdl 2048] White fights for an advantage.} Rd8 32. Re1 {aiming for Bf3.} Qc5 33. Bf3 $1 {[%csl Gf3][%cal Re4b7] [#]} (33. Bxe6 $2 Nxb5 34. Ka1 Rde8 $17) 33... Qd5 34. Qg4 Qc5 35. a4 (35. b6 $1 $14 cxb6 36. Rxe6) 35... Nc8 36. Qxe6 Nd6 37. Re5 Qc4 38. b6 cxb6 39. Rxb6 Qf1+ 40. Re1 Qxf3 41. Rxd6 Qc3 {Strongly threatening ...Qb4+.} 42. Rxd8+ Rxd8 {[%mdl 4096] Endgame KQR-KQR} 43. Qe5+ Ka8 44. Rd1 Qb4+ 45. Kc1 Qa3+ 46. Kb1 {White wants to mate with Qa5+.} Qb4+ 47. Kc1 Qxa4 {...Rc8 is the strong threat.} 48. Rd3 $2 {[%mdl 8192]} (48. Qc5 $11) 48... Rc8 $19 {[%csl Gc8][%cal Ra4c2]} 49. Qe2 Qa1+ 50. Kd2 Qa5+ $2 (50... Qa2 $19 51. Kc1 Qa1+ 52. Kd2 Qa2) 51. Kd1 $11 Rf8 {White must now prevent ...Qa1+.} (51... Qa1+ $2 52. Kd2 $19) 52. Rb3 Qa1+ 53. Kd2 Qa5+ 54. Kc1 Qa1+ 55. Kd2 $1 Qa5+ 56. Kc1 Rf6 57. Qc4 $2 {[%mdl 8192]} (57. Qd3 $11 Qa1+ 58. Rb1) 57... Qa1+ $19 58. Rb1 Qa3+ 59. Rb2 Qe3+ 60. Kb1 Qe1+ 61. Ka2 Ra6+ 62. Kb3 Qe3+ 63. Qd3 Qe6+ 64. c4 dxc3+ {Precision: White = 43%, Black = 54%.} 0-1

[Event "7th RTU Open 2017"]
[Site "Riga"]
[Date "2017.08.12"]
[Round "8"]
[White "Shirov, Alexei"]
[Black "Lugovskoy, Maxim"]
[Result "0-1"]
[WhiteElo "2648"]
[BlackElo "2440"]
[Annotator "TA"]
[PlyCount "170"]
[EventDate "2017.??.??"]
[EventType "swiss"]
[EventCountry "LAT"]
[SourceTitle "playchess.com"]
[Source "ChessBase"]
[SourceQuality "1"]

{[%evp 15,170,32,38,10,23,21,16,13,0,0,0,0,0,0,0,0,0,-13,0,0,0,-10,0,0,0,0,2,3,64,41,50,58,51,24,46,-23,66,58,101,95,95,103,100,12,12,0,0,0,0,0,14,14,68,71,70,70,89,85,126,145,140,130,138,120,119,68,89,80,83,48,56,28,64,0,0,0,0,0,0,0,0,0,0,0,0,0,0,0,0,0,0,-575,-551,-556,-556,-556,-552,-541,-520,-572,-584,-584,-454,-415,-387,-658,-672,-662,-470,-633,-618,-611,-563,-563,-600,-597,-550,-459,-417,-417,-260,-659,-652,-647,-927,-675,-587,-981,-1073,-893,-538,-1053,-1033,-1064,-1063,-1030,-924,-743,-679,-1148,-1129,-1964,-1910,-4562,-4501,-4081,-3616,-2904,-1541,-7042,-6529,-4591,-4591,-29976,-12302,-4562,-4519]} 1. e4 e6 2. d4 d5 3. e5 c5 4. c3 Nc6 5. Nf3 Nh6 6. Bd3 cxd4 {C02: French: Advance Variation} 7. Bxh6 gxh6 8. cxd4 Qb6 {LiveBook: 4 Games. White is slightly better.} (8... Bg7 9. O-O f6 10. Re1 O-O 11. Nbd2 Kh8 12. Rc1 fxe5 13. dxe5 Bd7 14. Nb3 {1-0 (62) Ding,L (2718)-Nguyen,N (2614) China 2013}) 9. Nc3 Qxb2 $146 ({Predecessor:} 9... Bd7 10. Bb5 Bg7 11. O-O O-O 12. Bd3 f6 13. exf6 Bxf6 14. Na4 {½-½ (29) Gonzalez Rivera,E (2101)-Martin Rodriguez,E (2078) Madrid 2014}) 10. Nb5 $1 {[%cal Rb5c7]} Qb4+ $1 ({Don't play} 10... Bb4+ $6 11. Kf1 $14) 11. Kf1 (11. Nd2 $5 {[%cal Rb5c7]}) 11... Qa5 $1 12. g3 a6 13. Nd6+ Bxd6 $1 14. exd6 Qa3 15. Kg2 Qxd6 16. Qd2 f6 17. Qxh6 Qf8 18. Qe3 Qf7 19. Rab1 O-O 20. Rb6 Qc7 21. Rhb1 e5 ({Better is} 21... Kh8 $11) 22. dxe5 $14 fxe5 23. Ng5 e4 24. Bc2 $1 {[%cal Rc2b3]} Qe5 25. Bb3 (25. Rd1 $14 Kg7 26. h4) 25... Kh8 (25... Kg7 $1 $11) 26. Qc5 {[%cal Rc5f8]} Bg4 27. Qxd5 Qxd5 28. Bxd5 Rf5 29. Nf7+ ({Of course not} 29. Bxe4 Rxg5 30. Rxb7 Bf5 $11) (29. Rxb7 $16 {[%csl Gg5][%cal Rb7h7]} Rxg5 30. Bxc6) 29... Kg7 $11 30. Rxb7 Bf3+ $1 31. Kg1 Rxd5 32. Ne5+ Kf6 33. Nxc6 Rd2 (33... Rf8 $11) 34. R7b6 $1 $36 {[%mdl 2048] White is in control.} Kg7 35. Ne5 Rad8 36. Rb7+ Kf6 37. Nxf3 exf3 $16 {[%mdl 4096] Endgame KRR-KRR} 38. R1b6+ Ke5 {[%cal Rd2d1]} 39. Re7+ Kd5 40. Re1 (40. Rb1 $1 $16) 40... Re8 {[%cal Re8e1]} 41. Rf1 $1 Rxa2 42. Rb3 Rf8 43. h3 a5 44. Kh2 (44. Rd1+ $14 Kc4 45. Rb7) 44... a4 45. Rb7 Ra8 46. Rxh7 a3 {Threatens to win with ...Rb2.} 47. g4 Rb2 48. Kg3 a2 49. Rd7+ Ke6 50. Rdd1 Rab8 {Hoping for ...Rb1.} 51. Rfe1+ Kf7 {...Rb1 is the strong threat.} 52. Rd7+ Kf8 {White must now prevent ...Rb1.} 53. Ree7 $2 {[%mdl 8192] [#]} (53. Ra1 $11 Ra8 54. Rdd1) 53... Re2 $1 $19 {[%cal Re2e7]} ({And not} 53... a1=Q 54. Rf7+ Kg8 55. Rg7+ Kf8 56. Rgf7+ Ke8 57. Rde7+ Kd8 58. Rd7+ Ke8 59. Rfe7+ Kf8 60. Rf7+ $11) 54. Rf7+ {[#]} Ke8 $1 55. Ra7 {[#]} a1=Q $1 {[%mdl 512]} 56. Rxa1 Kxf7 57. Kxf3 Rbb2 58. Rf1 Rec2 59. Kg3 Kf6 60. h4 $2 (60. Kg2) 60... Ra2 61. Kg2 Re2 62. Kf3 Ke5 63. Kg3 Ke4 64. f3+ Ke5 {( -> ...Rg2+)} 65. Rg1 Kf6 66. Kh3 Rh2+ 67. Kg3 Rab2 68. Ra1 $2 (68. h5) 68... Rbg2+ 69. Kf4 Rxh4 70. Ra6+ Ke7 71. Ra7+ Kd6 72. Ra6+ Kc5 73. Ra5+ Kc6 74. Ra6+ Kb7 75. Rf6 Rh8 76. Kf5 Rg8 77. Rf7+ Kc6 78. Rf6+ Kd7 79. Rf7+ Ke8 80. Ra7 Rf8+ 81. Kg6 Rxf3 82. g5 Rd3 83. Ra5 Ke7 84. Kg7 Rd7 (84... Ke6 $142 85. Kg6 Rd6 86. Rb5 Rf2 87. Kh5 Rd5 88. Rb6+ Ke5 89. Kh6 Rd6+ 90. Rxd6 Kxd6 91. Kh5 Rg2 92. Kh6 Ke6 93. Kg6 Rg4 94. Kh5 Kf5 95. g6 Rxg6 96. Kh4 Rg8 97. Kh3 Kf4 98. Kh2 Kf3 99. Kh1 Kf2 100. Kh2 Rh8#) 85. Kh6 Kf7 {Precision: White = 51%, Black = 64%.} 0-1

[Event "7th RTU Open 2017"]
[Site "Riga"]
[Date "2017.08.12"]
[Round "8"]
[White "Smirin, Ilia"]
[Black "Pavlov, Sergey"]
[Result "0-1"]
[WhiteElo "2634"]
[BlackElo "2475"]
[Annotator "TA"]
[PlyCount "84"]
[EventDate "2017.??.??"]
[EventType "swiss"]
[EventCountry "LAT"]
[SourceTitle "playchess.com"]
[Source "ChessBase"]
[SourceQuality "1"]

{[%evp 21,84,36,52,33,57,24,25,-49,16,16,0,-213,-213,-194,-200,-193,-200,-190,-219,-322,-306,-283,-193,-190,-189,-184,-174,-176,-185,-187,-195,-189,-187,-180,-186,-197,-197,-198,-175,-179,-179,-193,-189,-199,-192,-275,-272,-282,-293,-374,-374,-371,-364,-474,-404,-404,-397,-567,-435,-547,-404,-562,-554,-1019,-1008]} 1. e4 c5 2. Nf3 e6 3. Nc3 Nc6 4. d4 cxd4 5. Nxd4 Nf6 {[%cal Bg8f6,Bf6d5,Bd5e3][%mdl 32]} 6. Nxc6 bxc6 7. e5 Nd5 8. Ne4 Qc7 9. f4 Qb6 10. c4 Ne3 11. Qd3 Bb4+ 12. Bd2 $1 {B45: Sicilian Four Knights} Ba6 13. b3 O-O {[#]} 14. h4 $146 (14. Bxb4 $11 Qxb4+ 15. Kf2) ({Predecessor:} 14. Bxb4 Qxb4+ 15. Kf2 Nd5 16. g3 Qb6+ 17. Kf3 f6 18. Qd2 fxe5 19. c5 Qb7 {½-½ (69) Soberano,J (2617)-Soltau,A (2620) ICCF email 2008}) 14... d5 (14... f6 $15 15. exf6 Bxd2+ 16. Kxd2 (16. Qxd2 d5 $15) 16... Nd5 $1 {[%mdl 512]}) 15. exd6 $11 {aiming for Rh3.} f5 16. Bxb4 $2 (16. Ng5 $11 {and White is okay.}) 16... fxe4 $19 17. Qd2 {[#]} Qxb4 $1 {[%mdl 512]} 18. Qxb4 Nc2+ 19. Kd2 Nxb4 20. Kc3 (20. a3 $142 Nd3 21. Bxd3 exd3 22. Rh3) 20... c5 ({And not} 20... Rxf4 21. Kxb4 Rf2 22. c5 $14) 21. a3 Nd3 22. Bxd3 exd3 23. Rad1 Rad8 24. Rxd3 Rxf4 25. Re1 {[#]} Rd4 $1 26. Rxd4 cxd4+ 27. Kxd4 Rxd6+ {[%mdl 4096] Endgame KRB-KR} 28. Kc5 Rb6 29. b4 Kf7 30. b5 Bb7 31. a4 {[#] And now a5 would win.} Ke7 $1 32. a5 Rd6 33. a6 (33. Re2 {was worth a try.}) 33... Bxg2 34. Kb4 g6 35. c5 Rd4+ 36. Kc3 Ra4 37. Kb3 Ra5 38. Kb4 Ra2 39. h5 (39. Kc3 $142) 39... Bd5 40. hxg6 hxg6 41. Rg1 Rb2+ 42. Ka5 Bc4 {Precision: White = 40%, Black = 80%.} 0-1

[Event "7th RTU Open 2017"]
[Site "Riga"]
[Date "2017.08.12"]
[Round "8"]
[White "Jumabayev, Rinat"]
[Black "Lodici, Lorenzo"]
[Result "1-0"]
[WhiteElo "2610"]
[BlackElo "2408"]
[Annotator "TA"]
[PlyCount "65"]
[EventDate "2017.??.??"]
[EventType "swiss"]
[EventCountry "LAT"]
[SourceTitle "playchess.com"]
[Source "ChessBase"]
[SourceQuality "1"]

{[%evp 17,65,4,30,0,0,-18,22,9,33,-6,-8,-11,10,-4,16,0,48,-8,-7,-28,-25,-33,-24,-54,-25,-23,-13,-26,-3,0,-14,-76,-30,-43,-29,-113,-93,-175,-170,-212,-206,-206,-199,-306,-323,-279,527,510,696,739]} 1. d4 d5 2. c4 e6 3. Nc3 Nf6 4. cxd5 exd5 5. Bg5 Bb4 6. e3 h6 7. Bxf6 {D35: Queen's Gambit Declined: Exchange Variation} (7. Bh4 c5 8. Bd3 Nc6 9. Nge2 c4 10. Bc2 g5 11. Bg3 Qe7 12. O-O O-O 13. a3 Bd6 14. Bxd6 Qxd6 15. f3 Re8 {1-0 (33) Sasikiran,K (2639)-Tari,A (2521) Berlin 2015}) 7... Qxf6 8. Qa4+ Nc6 9. Rc1 O-O {LiveBook: 3 Games} 10. a3 Bxc3+ $1 11. Rxc3 Qg6 $146 ({Predecessor:} 11... Re8 12. Nf3 Bg4 13. Be2 Bxf3 14. gxf3 {1-0 (32) Djuric,S (2489)-Efimov,I (2446) Cutro 2002}) 12. Ne2 Re8 13. Qc2 {White wants to play Qxg6.} Qd6 14. h3 g6 15. Qd2 Ne7 16. g4 f5 17. Ng3 (17. Rg1 $14) 17... c6 18. Bd3 Rf8 19. Bc2 Bd7 20. Qd1 Qf6 {[#] Strongly threatening ...fxg4.} 21. Qf3 Kh7 22. gxf5 Bxf5 23. Nxf5 Nxf5 24. Qg4 (24. Bxf5 $11 {remains equal.} Qxf5 25. Qxf5 Rxf5 26. h4) 24... Rae8 {aiming for ...Nxd4.} 25. Rg1 $1 h5 26. Qe2 (26. Qg5 $1 $11 {keeps the balance.}) 26... Kh6 27. Bxf5 (27. Rb3 $17 b6 28. Kd1) 27... Qxf5 $19 28. Qd2 Re4 29. Rh1 g5 30. Qe2 (30. b4 {was necessary.}) 30... Rh4 31. Rh2 Rxh3 $4 {[%mdl 8192] [#]} (31... Qb1+ $19 {and all is fine.} 32. Qd1 Qf5) 32. e4 $1 $18 {[%cal Re4f5]} Qg4 33. Rcxh3 {Precision: White = 24%, Black = 51%.} 1-0

[Event "7th RTU Open 2017"]
[Site "Riga"]
[Date "2017.08.12"]
[Round "8"]
[White "Onischuk, Vladimir"]
[Black "Schroeder, Jan-Christian"]
[Result "1/2-1/2"]
[WhiteElo "2610"]
[BlackElo "2539"]
[Annotator "TA"]
[PlyCount "66"]
[EventDate "2017.??.??"]
[EventType "swiss"]
[EventCountry "LAT"]
[SourceTitle "playchess.com"]
[Source "ChessBase"]
[SourceQuality "1"]

{[%evp 17,66,24,19,15,5,14,30,13,20,21,15,30,12,18,26,15,43,0,0,0,0,-139,-133,-164,-152,-403,-195,-172,-86,-72,0,0,0,0,0,0,0,0,0,0,0,0,0,0,0,0,0,0,0,0,0]} 1. e4 e5 2. Nf3 Nc6 3. Bc4 Nf6 4. d3 Bc5 5. O-O O-O 6. Nbd2 d6 7. c3 a6 8. Bb3 Ba7 9. Re1 Ng4 10. Re2 {C54: Giuoco Piano: 4 c3 Nf6, main lines with 5 d4 and 5 d3} Kh8 11. h3 f5 12. exf5 {White has an edge.} Nh6 13. g4 Nxf5 $1 14. gxf5 Bxf5 15. Ne4 d5 {[#]} 16. Neg5 $146 ({Find the theoretical novelty and annotate with similar games:} 16. Ng3 Bxh3 17. Bg5 Qd6 {½-½ (67) Socko,B (2600)-Banusz,T (2621) Katowice 2016}) 16... Qd6 17. d4 exd4 {...d3 is the strong threat.} 18. Bc2 $1 dxc3 {White must now prevent ...Bxh3!} 19. Kg2 ({Don't play} 19. bxc3 h6 $17) (19. Bxf5 $11 Rxf5 20. Qc2) 19... h6 $17 20. Bxf5 Rxf5 21. Re6 $2 (21. Nh4 $17 {was called for.} Rf6 22. Qd3 hxg5 23. Bxg5 cxb2 24. Bxf6 bxa1=B 25. Bxa1) 21... Qf8 (21... Qc5 $2 22. Qd3 $19) (21... Qd7 $142 22. Re2 cxb2 23. Rxb2 Raf8) 22. bxc3 $19 hxg5 (22... Kg8 $1 $19 23. Qd3 hxg5) 23. Nxg5 $17 {[#]} Rxf2+ ({Black should try} 23... Kg8 $1 $17 24. f4 {[#]} Rxg5+ $1 {[%mdl 512]} 25. fxg5 Qf2+ 26. Kh1 Qf5) 24. Kg3 $11 {Threatening mate with Qh5+.The position is equal.} Qf5 $1 25. Qh5+ Kg8 26. Re8+ Rxe8 27. Qxe8+ Qf8 28. Qe6+ Kh8 29. Qg4 $1 {[%cal Rg4h5] Intending Qh5+ and mate.} Qf5 {Strongly threatening ...Qd3+.} (29... Kg8 $5 {[%cal Rc6e7]} 30. Qe6+ Kh8 $11) 30. Qh5+ Kg8 {( -> ...Rg2+!)} 31. Qe8+ Qf8 32. Qe6+ Kh8 33. Qg4 $1 {[%cal Rg4h5] White threatens Qh5+ and mate.} Qf5 {Precision: White = 70%, Black = 31%.} 1/2-1/2

[Event "7th RTU Open 2017"]
[Site "Riga"]
[Date "2017.08.12"]
[Round "8"]
[White "Ovsejevitsch, Sergei"]
[Black "Ali Marandi, Cemil Can"]
[Result "0-1"]
[WhiteElo "2596"]
[BlackElo "2526"]
[Annotator "TA"]
[PlyCount "84"]
[EventDate "2017.??.??"]
[EventType "swiss"]
[EventCountry "LAT"]
[SourceTitle "playchess.com"]
[Source "ChessBase"]
[SourceQuality "1"]

{[%evp 26,84,13,0,0,-75,-76,-96,-28,-24,14,21,21,7,7,2,7,4,10,0,0,-1515,0,0,0,-7,-7,-12,-12,-12,-6,-6,-6,-15,-15,-83,-3,0,0,0,0,-2,-5,-5,-4,-145,-146,-152,-150,-148,-37,-37,-37,-38,-37,-37,-32,-38,-31,-38,-38]} 1. Nf3 Nf6 2. c4 c6 3. Nc3 d5 4. e3 e6 5. Qc2 Nbd7 6. b3 Bd6 7. Bb2 O-O 8. Be2 a6 9. d4 e5 10. cxd5 cxd5 11. dxe5 Nxe5 12. Rd1 Be6 13. O-O Rc8 {D45: Semi-Slav: 5 e3} 14. Qb1 {LiveBook: 18 Games} Re8 (14... Qc7 15. h3 Rfd8 16. Nd4 Nc6 17. Na4 Ne4 18. Bd3 Nxd4 19. Bxd4 Re8 20. Qb2 f6 21. Rc1 {½-½ (35) Fressinet,L (2710)-Saric,I (2661) Linares 2015}) 15. Rd2 $146 (15. Ng5 $11) ({Find the theoretical novelty and annotate with similar games:} 15. Qa1 Nxf3+ 16. Bxf3 Be5 17. Ne2 Bxb2 18. Qxb2 Bg4 19. Bxg4 Nxg4 20. Nf4 Nf6 21. Rd4 {1-0 (42) Ivanov,J (2395)-Gonzalez de la Torre,S (2384) Elgoibar 2004}) 15... Qa5 $17 {Black is better.} 16. Qa1 Nxf3+ (16... Ne4 $1 $17 {Strongly threatening ...Nxf3+.} 17. Nxe4 Nxf3+ 18. Bxf3 dxe4 19. Rxd6 exf3) 17. Bxf3 $11 Bb4 {[%cal Rb4c3]} 18. Rc1 {[#]} Ne4 $1 {[%cal Re4d2][%mdl 512]} 19. Bxe4 (19. Nxe4 dxe4) 19... dxe4 20. Rd4 Bxc3 21. Rxc3 Qg5 22. Rxe4 Bh3 $1 {[%csl Gh3][%cal Rg5g2]} 23. Rxe8+ Rxe8 {[%csl Gh3][%cal Rg5g2]} 24. Qf1 Rd8 $1 25. Rc1 Rd2 26. Bd4 Rxa2 27. Kh1 Be6 28. b4 h6 29. Ra1 Rc2 $40 {[%mdl 128] Black attacks.} 30. Ra5 (30. f3 $11) 30... Bd5 (30... Qh4 $17 31. f3 Bc4) 31. Rc5 Rd2 {( -> ...Qxg2+!)} 32. f3 b6 33. Rc8+ Kh7 {White should prevent ...Qxg2+!} 34. Rc1 $1 Qg6 35. h3 {[#]} (35. Qg1 $11) 35... Qg3 $1 $17 36. e4 {Hoping for Be3.} Rxd4 37. exd5 {[#]} Rxd5 (37... Qg5 $1 $17 38. Rd1 Qxd5 39. Rxd4 Qxd4 40. Qxa6 Qxb4) 38. Qxa6 {KQR-KQR. Black is slightly better.} Qf4 39. Rb1 b5 40. Qc6 Qd6 41. Qc2+ g6 42. Qe2 h5 {Precision: White = 50%, Black = 65%.} 0-1

[Event "7th RTU Open 2017"]
[Site "Riga"]
[Date "2017.08.12"]
[Round "8"]
[White "Tregubov, Pavel V"]
[Black "Sreeves, Clement"]
[Result "1-0"]
[WhiteElo "2593"]
[BlackElo "2406"]
[Annotator "TA"]
[PlyCount "91"]
[EventDate "2017.??.??"]
[EventType "swiss"]
[EventCountry "LAT"]
[SourceTitle "playchess.com"]
[Source "ChessBase"]
[SourceQuality "1"]

{[%evp 9,90,4,6,8,8,11,17,13,35,25,47,-3,89,97,103,74,77,73,206,198,189,166,175,163,186,187,282,262,272,266,255,111,152,160,137,91,122,94,82,74,73,75,115,64,77,66,70,54,118,70,107,65,88,71,116,76,162,167,144,116,138,108,526,523,546,541,470,463,1133,1109,2807,2785,29992,29993,29993,29994,29994,29995,29996,29996,29997,29998,29999]} 1. d4 Nf6 2. c4 g6 3. g3 c6 4. Bg2 d5 5. e3 (5. Nf3 Bg7 6. O-O O-O 7. b3 dxc4 8. bxc4 c5 9. Bb2 cxd4 10. Nxd4 Nc6 11. e3 Bd7 12. Nxc6 Bxc6 13. Bxc6 {½-½ (13) Yu,Y (2753)-Grischuk,A (2761) Jiayuguan 2017}) 5... Bg7 6. Ne2 {D71: Fianchetto Grünfeld: 3 g3 d5 sidelines and 5 cxd5 (without Nf3)} O-O 7. O-O Nbd7 8. cxd5 {The position is equal.} Nxd5 9. e4 N5b6 10. Nbc3 c5 $146 (10... e5 $11) ({Predecessor:} 10... Nf6 11. h3 Re8 12. b3 Bd7 13. Bf4 Nh5 14. Be3 e5 15. Qd2 Qe7 16. Rad1 exd4 17. Bxd4 Bxd4 18. Nxd4 {1-0 (46) Biro,K (2235)-Siroky,J (2185) Slovakia 1994}) 11. d5 $16 c4 12. Be3 Ne5 13. a4 Bg4 (13... a5 $16) 14. f3 {[%cal Bf2f3,Bf3f4][%mdl 32]} Bd7 15. a5 Nc8 {[%cal Bb6c8,Bc8e7,Be7f5][%mdl 32]} 16. f4 $1 {[%cal Rf4e5]} Ng4 17. Bd4 e5 {[#]} (17... f6 {was worth a try.} 18. Na4 b6) 18. dxe6 $1 $18 Bxe6 19. e5 Ne7 {Now ...Nf5 and Black clings on.} 20. Bxb7 (20. h3 $18 {and White stays clearly on top.}) 20... Nf5 $16 {[#]} 21. Qd2 $1 f6 22. exf6 Bxf6 {And now ...Rb8 would win.} 23. Rfd1 Rb8 24. a6 Nxd4 25. Nxd4 Bc8 26. Bd5+ (26. Bf3 $16) 26... Kh8 $14 27. h3 Nh6 28. Kh2 (28. Qf2 $5 {[%cal Rd4c6]} Qb6 29. Na4 $16 (29. Bxc4 Bxh3 30. b3 Bg7 $11)) 28... Qd7 (28... Rb6 $14) 29. Bg2 Rd8 {[%cal Rf6d4]} 30. Nd5 $36 {[%mdl 2048] White is more active.} Bg7 31. Ra2 Qd6 32. Qa5 {Hoping for Nb5.} Be6 (32... Rf8 $16) 33. Nxe6 $18 Qxe6 34. Re1 Qd6 35. Re7 Nf5 $2 {[%mdl 8192]} (35... Rd7 $16 36. Rxd7 Qxd7) 36. Rxa7 Rb3 37. Qc7 Qf8 38. Rb7 {aiming for a7.} Rxg3 (38... Nd6 $142 39. Rxb3 cxb3) 39. a7 Rxg2+ 40. Kxg2 {[%cal Bh2g2,Bg2f1,Bf1e1,Be1d1][%mdl 32] White wants to mate with Qxd8!} Rxd5 41. a8=Q {White mates.} Rd2+ 42. Kf1 Ng3+ 43. Ke1 {[%csl Gb7][%cal Rc7g7]} Re2+ 44. Kd1 {[%csl Gb7][%cal Rc7g7]} Re8 {[#]} 45. Qxe8 $1 Qxe8 46. Qxg7# {Precision: White = 64%, Black = 36%.} 1-0

[Event "7th RTU Open 2017"]
[Site "Riga"]
[Date "2017.08.12"]
[Round "8"]
[White "Kovchan, Alexander"]
[Black "Nabaty, Tamir"]
[Result "1/2-1/2"]
[WhiteElo "2587"]
[BlackElo "2654"]
[Annotator "TA"]
[PlyCount "40"]
[EventDate "2017.??.??"]
[EventType "swiss"]
[EventCountry "LAT"]
[SourceTitle "playchess.com"]
[Source "ChessBase"]
[SourceQuality "1"]

{[%evp 16,19,54,47,57,45]} 1. e4 e6 2. d4 d5 3. Nc3 dxe4 4. Nxe4 Bd7 5. Nf3 Bc6 6. Bd3 Nd7 7. O-O Be7 8. Qe2 Ngf6 9. Nxf6+ (9. Neg5 $5 {[%cal Rg5f7]} h6 10. Ne4 $11) 9... Bxf6 {C10: French with 3 Nc3: Unusual Black 3rd moves and 3...dxe4} 10. c3 {Predecessor:} O-O $146 11. Bf4 Bxf3 12. Qxf3 c6 13. Rad1 a5 14. Rfe1 Re8 15. Bc2 Nf8 16. Be5 Qd5 17. Be4 Qd8 18. Bb1 a4 19. g3 Ra5 20. Bxf6 Qxf6 {1-0 (83) Dancevski,O (2345)-Drazic,S (2445) Star Dojran 1996} 1/2-1/2

[Event "7th RTU Open 2017"]
[Site "Riga"]
[Date "2017.08.12"]
[Round "8"]
[White "Neiksans, Arturs"]
[Black "Meskovs, Nikita"]
[Result "1-0"]
[WhiteElo "2582"]
[BlackElo "2495"]
[Annotator "TA"]
[PlyCount "111"]
[EventDate "2017.??.??"]
[EventType "swiss"]
[EventCountry "LAT"]
[SourceTitle "playchess.com"]
[Source "ChessBase"]
[SourceQuality "1"]

{[%evp 16,111,19,0,0,0,1,0,0,0,21,12,55,0,0,0,45,0,124,111,132,120,122,115,527,529,714,287,277,277,267,252,273,222,213,209,216,214,216,219,210,206,218,220,217,207,252,244,269,260,790,759,844,254,235,0,848,263,834,826,740,324,418,262,322,313,363,356,1105,1187,1451,1381,1147,1233,987,845,1820,1772,1573,1732,6891,6370,4132,4171,29948,29946,12834,12773,7404,6428,12837,7404,29987,29965,29988,29989,29989,29990]} 1. e4 e5 2. Nf3 Nc6 3. Bc4 Bc5 4. c3 Nf6 5. d3 d6 6. Nbd2 a6 7. Bb3 O-O 8. h3 Ba7 9. Nf1 h6 {C54: Giuoco Piano: 4 c3 Nf6, main lines with 5 d4 and 5 d3} 10. Ng3 d5 11. exd5 Nxd5 {The position is equal.} 12. O-O Re8 13. Re1 Be6 14. Bc2 (14. Nh5 $14) 14... Qd6 $11 15. Nh4 {[#]} Nce7 $146 (15... Qe7 $5 {[%cal Re7h4]} 16. Nf3 Rad8 $11) ({Predecessor:} 15... Qd7 16. Qf3 Qe7 17. Nhf5 Qf8 18. Bb3 Rad8 19. Nh5 Bxf5 20. Qxf5 {½-½ (98) Giri,A (2778)-So,W (2767) Bilbao 2015}) 16. Qh5 (16. Ne4 $5 {[%cal Re4d6]} Qc6 17. Bb3 $11) 16... f5 (16... Qb6 $11 {remains equal.} 17. Rf1 Rad8) 17. d4 $1 $16 exd4 18. Nhxf5 (18. Bxf5 Bf7 $17) 18... Nxf5 19. Nxf5 Qd7 $2 {[%mdl 8192] [#]} (19... Bf7 $16 20. Qxf7+ Kxf7 21. Nxd6+ cxd6) 20. Nxh6+ $1 $18 {[%mdl 512]} gxh6 21. Qg6+ (21. Bxh6 $142 {Black must now prevent Re5.} dxc3 22. Re5 (22. Qg5+ Kh8 $16) 22... Bxf2+ 23. Kxf2 Qf7+ 24. Qxf7+ Kxf7 25. bxc3) 21... Qg7 22. Rxe6 Qxg6 23. Rxg6+ Kf7 24. Bxh6 ({Don't do} 24. Rxh6 $6 Re1+ 25. Kh2 dxc3 $16) 24... dxc3 25. Rg7+ Kf6 26. bxc3 {Hoping for Rg3.} Re2 27. Bb3 $1 {[%cal Rb3d5]} Rxf2 {[#]} 28. Kh1 $1 Rh8 29. Bxd5 {Threatens to win with Rf7+.} Rxh6 30. Rxc7 Ke5 31. Rd7 Kf4 32. Rxb7 Be3 $2 (32... Bc5 33. Re1 Kg5 34. Rg7+ Rg6) 33. Re1 Bc5 34. Re4+ $2 (34. Rc7) 34... Kf5 35. Re1 Kf4 $1 36. Rf7+ $2 (36. Rc7) 36... Kg3 $2 (36... Kg5 37. Rg7+ Rg6) 37. Rg7+ Kf4 38. Re4+ Kf5 39. g4+ Kf6 40. Rf7+ Kg5 41. Re5+ Kh4 $2 {[#]} (41... Kg6 42. Rxf2 Bxf2) 42. Rxf2 $1 Bxf2 {[%mdl 4096] Endgame KRB-KRB} 43. Kg2 Bg3 44. Rf5 Bd6 45. Bf7 Be7 46. Rh5+ Rxh5 47. Bxh5 {KB-KB} a5 48. c4 Kg5 49. Kf3 Kf6 50. h4 Bb4 51. g5+ {[%cal Bg4g5,Bg5g6][%mdl 32]} Kf5 52. Bg4+ Kg6 53. Bd7 Kh5 54. Be8+ {White mates.} Kxh4 55. g6 Bf8 {[#]} 56. c5 $1 {Precision: White = 61%, Black = 26%.} 1-0